|
|
|
|
| LEADER |
00000nam0a2200000 4500 |
| 001 |
339098 |
| 005 |
20231102005118.0 |
| 035 |
|
|
|a (RuTPU)RU\TPU\book\365606
|
| 035 |
|
|
|a RU\TPU\book\310241
|
| 090 |
|
|
|a 339098
|
| 100 |
|
|
|a 20171211d1963 km y0rusy50 ca
|
| 101 |
0 |
|
|a rus
|
| 102 |
|
|
|a RU
|
| 105 |
|
|
|a a z 001zy
|
| 200 |
1 |
|
|a Методика опробования железнорудных месторождений на германий и другие рассеянные элементы и подсчёта их запасов
|f Б. И. Галкин, В. М. Григорьев, А. М. Калик и др.
|
| 210 |
|
|
|a Москва
|c Госгеолтехиздат
|d 1963
|
| 215 |
|
|
|a 60 с.
|c ил.
|
| 320 |
|
|
|a Библиогр.: с. 58-60.
|
| 606 |
1 |
|
|a Руды редкометальные
|x Вещественный состав
|2 stltpush
|3 (RuTPU)RU\TPU\subj\26195
|9 50178
|
| 610 |
1 |
|
|a опробование
|
| 610 |
1 |
|
|a цветные металлы
|
| 610 |
1 |
|
|a германий
|
| 610 |
1 |
|
|a разведка
|
| 610 |
1 |
|
|a геохимия
|
| 610 |
1 |
|
|a обработка проб
|
| 610 |
1 |
|
|a результаты
|
| 610 |
1 |
|
|a подсчет запасов
|
| 610 |
1 |
|
|a рассеянные элементы
|
| 610 |
1 |
|
|a пробы
|
| 610 |
1 |
|
|a методика
|
| 610 |
1 |
|
|a обработка
|
| 675 |
|
|
|a 553.46
|v 3
|
| 701 |
|
1 |
|a Галкин
|b Б. И.
|
| 701 |
|
1 |
|a Григорьев
|b В. М.
|
| 701 |
|
1 |
|a Калик
|b А. М.
|
| 701 |
|
1 |
|a Карпов
|b Л. Н.
|
| 701 |
|
1 |
|a Лурье
|b А. М.
|
| 701 |
|
1 |
|a Момджи
|b Г. С.
|
| 701 |
|
1 |
|a Смирнов
|b И. А.
|
| 712 |
0 |
1 |
|a СССР
|b Государственный геологический комитет
|c (1963-1965)
|2 stltpush
|3 (RuTPU)RU\TPU\col\8031
|9 24457
|
| 801 |
|
1 |
|a RU
|b 63413507
|c 20150302
|
| 801 |
|
2 |
|a RU
|b 63413507
|c 20210915
|g RCR
|
| 942 |
|
|
|c BK
|